ბათუმის შოთა რუსთაველის სახელმწიფო უნივერსიტეტის ბიბლიოთეკა

Насосы, вентиляторы, компрессоры. (ბიბ.ჩანაწერი № 38388)

000 -LEADER
fixed length control field 00586nam a2200205Ia 4500
001 - CONTROL NUMBER
control field 4398
003 - CONTROL NUMBER IDENTIFIER
control field GE_BSU
008 - FIXED-LENGTH DATA ELEMENTS--GENERAL INFORMATION
fixed length control field 181216s||||||||xx |||||||||||||| ||und||
040 ## - CATALOGING SOURCE
Transcribing agency GE_BSU
080 ## - UNIVERSAL DECIMAL CLASSIFICATION NUMBER
Universal Decimal Classification number 621.65+621.63(075.8)
100 ## - MAIN ENTRY--PERSONAL NAME
Personal name Черкасский В.М.
245 ## - TITLE STATEMENT
Title Насосы, вентиляторы, компрессоры.
245 ## - TITLE STATEMENT
Statement of responsibility, etc. ред. А.К. Михайлов.
260 ## - PUBLICATION, DISTRIBUTION, ETC.
Place of publication, distribution, etc. Москва
260 ## - PUBLICATION, DISTRIBUTION, ETC.
Name of publisher, distributor, etc. Энергия
260 ## - PUBLICATION, DISTRIBUTION, ETC.
Date of publication, distribution, etc. 1977
300 ## - PHYSICAL DESCRIPTION
Extent 424 с. 21 см.
653 ## - INDEX TERM--UNCONTROLLED
Uncontrolled term Насосы, вентиляторы, компрессоры.
942 ## - ADDED ENTRY ELEMENTS (KOHA)
Koha item type წიგნი
ეგზემპლარები
Withdrawn status Lost status Damaged status Not for loan Date acquired Barcode Date last seen Price effective from Koha item type Public note
        2018-12-17 9342 2018-12-17 2018-12-17 წიგნი საცავი